000 00237nam a2200097Ia 4500
001 735478
005 20250826163853.0
008 250824s9999 xx 000 0 und d
245 0 _aKIZIM NERDESİN ?
_cAYTÜL AKAL
260 _bTUDEM YAYINLARI
999 _c735478
_d735478